[Event "Baden-ch U14"]
[Site "Karlsruhe"]
[Date "2014.01.03"]
[Round "3"]
[White "Schuster, Benjamin"]
[Black "Schrepp, Florian"]
[Result "1/2-1/2"]
[WhiteElo "1538"]
[BlackElo "1367"]
[PlyCount "67"]
[EventDate "2014.01.??"]
[EventType "swiss"]
[EventRounds "7"]
[EventCountry "GER"]
[SourceTitle "EXT 2022"]
[Source "ChessBase"]
[SourceDate "2021.10.06"]
[SourceVersion "1"]
[SourceVersionDate "2021.10.06"]
[SourceQuality "1"]

1. e4 e6 2. d4 d5 3. exd5 exd5 4. Qf3 c6 5. Bd3 Bd6 6. Ne2 Ne7 7. Be3 0-0 8. Nd2 Bd7 9. b3 Qc8 10. h3 Bf5 11. Bxf5 Qxf5 12. Qxf5 Nxf5 13. Nf1 Nd7 14. g4 Ne7 15. Bf4 Bxf4 16. Nxf4 Rfe8 17. 0-0-0 Nf6 18. Ng3 Ng6 19. Nxg6 fxg6 20. Rhe1 Rxe1 21. Rxe1 Re8 22. Rxe8+ Nxe8 23. f3 Kf7 24. Nh1 Kf6 25. f4 g5 26. f5 g6 27. fxg6 Kxg6 28. Ng3 Nd6 29. a4 Kf6 30. Kd2 h6 31. Kd3 b6 32. c4 dxc4+ 33. bxc4 c5 34. Nh5+ 1/2-1/2

[Event "Baden-ch U12"]
[Site "Karlsruhe"]
[Date "2012.01.04"]
[Round "5"]
[White "Schuster, Benjamin"]
[Black "Haltern, Tristan"]
[Result "1-0"]
[WhiteElo "1117"]
[BlackElo "942"]
[PlyCount "159"]
[EventDate "2012.01.03"]
[EventType "swiss"]
[EventRounds "7"]
[EventCountry "GER"]
[SourceTitle "EXT 2015"]
[Source "ChessBase"]
[SourceDate "2014.11.20"]
[SourceVersion "1"]
[SourceVersionDate "2014.11.20"]
[SourceQuality "1"]

1. d4 d5 2. Nf3 Nc6 3. Nc3 Nf6 4. Bg5 Bf5 5. e3 e6 6. Bb5 Be7 7. Ne5 Qd6 8. Bf4 Qb4 9. Rb1 0-0 10. Bxc6 bxc6 11. Nxc6 Qb6 12. Nxe7+ Kh8 13. Nxf5 exf5 14. 0-0 h6 15. Re1 Qc6 16. Qd3 Qe6 17. Bxc7 Ne4 18. f3 Nxc3 19. bxc3 Rfe8 20. Rb4 Re7 21. Bf4 Rae8 22. c4 f6 23. cxd5 Qxd5 24. Qc4 Qd7 25. Qb5 Qc8 26. Qc4 Qd7 27. Kf2 Qd8 28. Reb1 g5 29. Bb8 h5 30. Re1 h4 31. Qc5 a5 32. Rb5 a4 33. Qxf5 Rf7 34. Be5 Ref8 35. Rd5 Qb6 36. Bd6 Rd8 37. Bc5 Rxd5 38. Qxd5 Qc7 39. Qa8+ Kg7 40. Qxa4 Qxh2 41. Rg1 Qg3+ 42. Ke2 h3 43. gxh3 Qxg1 44. d5 Qg2+ 45. Kd3 Qxf3 46. Qe4 Qxh3 47. d6 Rd7 48. a4 g4 49. Qf5 Qh7 50. Qxh7+ Kxh7 51. a5 Kg7 52. a6 Kf7 53. a7 Rxa7 54. Bxa7 Ke8 55. Bb8 f5 56. Ke2 Kd7 57. Kf2 Ke8 58. Kg3 Kd8 59. c4 Kd7 60. c5 Kc6 61. Kf2 Kd7 62. Kg3 Kc6 63. e4 fxe4 64. Kxg4 e3 65. Kf3 e2 66. Kxe2 Kd7 67. Ke3 Kc6 68. Ke4 Kd7 69. Ke5 Kd8 70. c6 Kc8 71. Ke6 Kd8 72. Kf7 Kc8 73. Ke8 Kxb8 74. d7 Ka7 75. d8Q Ka6 76. Qb8 Ka5 77. c7 Ka6 78. c8Q+ Ka5 79. Qc5+ Ka4 80. Qca7# 1-0